000 00607nam a2200193Ia 4500
003 OSt
005 20250927113342.0
008 210210b1990 xxu||||| |||| 00| 0 eng d
040 _cAL
041 _aKannada
082 _a398.2K ANAY
100 _aANANDARAMA UPADYA (c).
_d ಆನಂದರಾಮ ಉಪಾಧ್ಯ (ಸಿ)
_9240809
245 _aYakshagana mahabharatha prasangagalu
_b ಯಕ್ಷಗಾನ ಮಹಾಭಾರತ ಪ್ರಸಂಗಗಳು
260 _aBengaluru.
_bKrati Prakashana.,
_c1990
300 _aiv,353
690 _aYakshagana
_9240810
906 _a043785
942 _2ddc
_cBK
999 _c93538
_d93538